00362nam a22001337a 450000500170000002000230001703500130004003700130005310000250006624500630009125000160015426000390017030000190020920170828145721.0 a8186562001c225.00 aB-058743 aDPLbENG aBhattacharyya, S.N.  aManatma Gandhi :bThe journalist /cby S.N. Bhattacharyya  a2nd ed.2000 aNew DelhibNational Gandhi Museum  a196p.c20 cms.